000 00712nam a2200229Ia 4500
003 GCL
008 140319s9999 xx 000 0 ara d
040 _aGCL /
_cGCL
082 0 4 _a949.7
_bع ص
100 1 _aعبدالله مبشر الطرازى
245 1 0 _aصفحات من تاريخ جمهورية البوسنة والهرسك /
_cعبدالله مبشر الطرازى
260 _a[S.N] :
_bلا يوجد ،
_c1992
300 _a143 ص
490 _a
650 0 4 _aتاريخ
650 0 4 _aالاقليات
650 0 4 _aالبوسنة والهرسك
650 0 4 _aالتفرقة العنصرية
650 0 4 _aالحرب الاهلية
650 0 4 _aيوغسلافيا
942 _2ddc
_cBK
999 _c35415
_d35415